000 00779nas a2200241 4500
001 BR8800093
003 BR-BrBNA
005 20231205091015.0
007 ta
008 230509b bl.|||p| |||| 00| 00por d
040 _aBR-BrBNA
_bpor
_cBiblioteca Nacional de Agricultura
041 _a(Pt)
072 _aE70; E10
100 1 _aJunqueira, F.
245 1 _aPlano cruzado; aquecimento do comercio varejista [Parana, Brasil]
650 _aCOMERCIALIZACAO
650 _aCOMERCIO INTERNO
650 _aPRECO
650 _aPARANÁ
773 0 _tAnalise Conjuntural - Instituto Paranaense de Desenvolvimento Economico e Social - Fundacao Edison Vieira (Brazil)
_x
_g(Oct 1986), v. 8(10) p. 9-12
_wBR8800093
909 _a202311
_bLúcia
_c55
_dLúcia Elande
942 _2AGRIS
_n0
_cANA
999 _c122178
_d122178